Sluneční soustava pro děti /

Korporativní autor: Arga Ediciones (firma)
Další autoři: Jovanovičová, Hana, 1951-
Jazyk: Čeština
Vydáno: Říčany : Sun, 2020
Vydání: 1. vydání
Témata:
Fyzický popis: 127 stran : barevné ilustrace ; 28 cm
Knihy
Uloženo v:
LEADER 02296cam a2200649 i 4500
001 nkc20203253031
003 CZ PrNK
005 20210720112711.0
007 ta
008 210111s2020 xr a b f 001 0 cze d
015 |a cnb003253031 
020 |a 978-80-7567-572-9  |q (kroužková vazba v pevných deskách) 
035 |a (OCoLC)1263269285 
040 |a UHG001  |b cze  |d BOA001  |d ABA001  |e rda 
041 1 |a cze  |h spa 
072 7 |a 523/524  |x Sluneční soustava. Hvězdy. Vesmír  |2 Konspekt  |9 6 
072 7 |a 0/9-053.2  |x Literatura pro děti a mládež (naučná)  |2 Konspekt  |9 26 
080 |a 524.8  |2 MRF 
080 |a 523  |2 MRF 
080 |a 523.4  |2 MRF 
080 |a (0.062)  |2 MRF 
080 |a (084.11)  |2 MRF 
080 |a (0.053.2)  |2 MRF 
130 0 |a Sistema solar para niños.  |l Česky 
245 1 0 |a Sluneční soustava pro děti /  |c texty: Arga Ediciones ; překlad: Hana Jovanovičová 
246 1 4 |a Sluneční soustava pro školáky 
250 |a 1. vydání 
264 1 |a Říčany :  |b Sun,  |c 2020 
300 |a 127 stran :  |b barevné ilustrace ;  |c 28 cm 
336 |a text  |b txt  |2 rdacontent 
336 |a statický obraz  |b sti  |2 rdacontent 
337 |a bez média  |b n  |2 rdamedia 
338 |a svazek  |b nc  |2 rdacarrier 
500 |a Přeloženo ze španělštiny 
500 |a Terminologický slovník 
500 |a Obsahuje rejstřík 
521 8 |a Pro děti od 3 let 
650 0 7 |a vesmír  |7 ph116566  |2 czenas 
650 0 7 |a sluneční soustava  |7 ph125704  |2 czenas 
650 0 7 |a planety (astronomie)  |7 ph115737  |2 czenas 
650 0 9 |a universe  |2 eczenas 
650 0 9 |a solar system  |2 eczenas 
650 0 9 |a planets  |2 eczenas 
655 7 |a populárně-naučné publikace  |7 fd131864  |2 czenas 
655 7 |a obrazové publikace  |7 fd132947  |2 czenas 
655 7 |a publikace pro děti  |7 fd133156  |2 czenas 
655 9 |a popular works  |2 eczenas 
655 9 |a pictorial works  |2 eczenas 
655 9 |a children's literature  |2 eczenas 
700 1 |a Jovanovičová, Hana,  |d 1951-  |7 xx0037169  |4 trl 
710 2 |a Arga Ediciones (firma)  |7 mzk20211115966  |4 aut 
910 2 |a BOA001  |b 3-1468.158 
920 |a 016020003730152  |z ULG001 
990 |a BK 
995 |a 01 
991 |b 202106  |c NOV 
996 6 |b 2610866883  |c 3-1468.158  |l MZK  |r Sklad / do 1 hodiny  |n 0  |p p.v.  |w 001853447  |u 000010  |a 1  |e BOA001  |j MZK50  |s P